000 00284nam a22001337a 4500
008 170420b xxu||||| |||| 00| 0 eng d
020 _a2900495015993
041 _aeng
080 _211TH
_a573
100 _a11
101 _aSHM
245 _aBIOLOGY
_cEVERS, CH.A
942 _2udc
_cBK
999 _c11356
_d11356